000 00715nam a2200181Ia 4500
005 20250508160023.0
008 008 250505s9999 xx 000 0 eng d
037 _aBooks to be hide in OPAC
040 _aFEDL
_beng
_cFEDL
041 _aeng
_2eng
084 _a371.1609429, GRE/O
_qFEDL
245 0 _aReport of the committee on scales of salaries for the teaching staff of farm institutes and for teachers of agricultural (including horticultural) subjects : England and wales November, 1946
245 0 _cIndia. Education (Ministry of...)
260 _aLondon, UK
_bHis Majesty's Stationary Office
_c1947
300 _a21p.
942 _cHB
_h371.1609429, GRE/O
999 _c1361101
_d1361101